|
|
|
|
| LEADER |
00000cam a2200000 a 4500 |
| 001 |
vtls010634357 |
| 003 |
SK-MaSNL |
| 005 |
20260331205518.0 |
| 008 |
250313s1980 xo 000 0 slo |
| 015 |
|
|
|a SNBA1980
|
| 035 |
|
|
|a 42489EF8-9A03-405F-B174-4DF50BD97394
|
| 035 |
|
|
|a urn:nbn:sk:snk-amjzjg
|
| 035 |
|
|
|a urn:nbn:sk:snk-am00814q
|
| 040 |
|
|
|a SNK
|b slo
|c SNK
|e AACR2
|
| 041 |
0 |
|
|a slo
|
| 044 |
|
|
|a xo
|c SK
|
| 080 |
|
|
|a 82:06.063
|2 1981
|
| 100 |
1 |
|
|a Zoubková, A.
|4 com
|9 705865
|
| 245 |
1 |
0 |
|a Medailónik Wolkrovej Polianky 1980
|c A. Zoubková
|
| 260 |
|
|
|a Poprad
|b Okresná knižnica
|c 1980
|
| 611 |
2 |
7 |
|a Wolkrova Polianka
|n (16. :
|d 1980 :
|c Tatranská Polianka, Slovensko)
|2 SNKPH
|9 705866
|
| 655 |
|
7 |
|a metodické príručky
|2 SNKPH
|9 70250
|
| 852 |
|
|
|a Slovenská národná knižnica
|
| 958 |
|
|
|a OND
|
| 999 |
|
|
|c 1098685
|d 1100615
|
| 952 |
|
|
|a SNK
|b SNK
|y PREZ
|7 0
|p 17A0987645
|o snkSB 30877
|i snkKSP 8487/80
|0 0
|1 0
|4 0
|d 2014-11-10
|f 1
|l 0
|r 2025-04-04 00:00:00
|w 2026-02-24
|
| 952 |
|
|
|a SNK
|b SNK
|y VYP
|7 0
|o snkSB 30877 D1
|i snkKSP 8488/80
|0 0
|1 0
|4 0
|d 2014-11-10
|l 0
|r 2026-02-24 17:22:11
|w 2026-02-24
|